The parable of the expensive ball point pen revisited : implications for hypermedia (Record no. 73978)
[ view plain ]
| 000 -CABECERA | |
|---|---|
| campo de control de longitud fija | 00686nam a2200229 a 4500 |
| 005 - FECHA Y HORA DE LA ÚLTIMA TRANSACCIÓN | |
| campo de control | 20210219153327.0 |
| 008 - ELEMENTOS DE LONGITUD FIJA--INFORMACIÓN GENERAL | |
| campo de control de longitud fija | 991125n 000 0 spa u |
| 035 ## - NÚMERO DE CONTROL DEL SISTEMA | |
| Número de control de sistema | UPN01000091301 |
| 100 ## - ASIENTO PRINCIPAL--NOMBRE PERSONAL | |
| Nombre de persona | MOORE, David M. |
| 222 ## - TÍTULO CLAVE | |
| Título clave | COMPUTERS IN THE SCHOOLS: THE INTERDISCIPLINARY JOURNAL OF PRACTICE, THEORY AND APPLIED RESEARCH |
| 245 ## - MENCIÓN DE TÍTULO | |
| Título | The parable of the expensive ball point pen revisited : implications for hypermedia |
| 260 ## - PUBLICACIÓN, DISTRIBUCIÓN, ETC. | |
| Lugar de publicación, distribución, etc. | New York, EUA |
| 300 ## - DESCRIPCIÓN FÍSICA | |
| Extensión | 3-7 |
| 362 ## - FECHAS DE PUBLICACIÓN Y/O DESIGNACIÓN SECUENCIAL | |
| Fecha de publicación y/o designación secuencial | 1994 Vol.10, no. 1-2 |
| 653 0# - TERMINO DE INDIZACION - NO CONTROLADO | |
| Término no controlado | APRENDIZAJE |
| 653 0# - TERMINO DE INDIZACION - NO CONTROLADO | |
| Término no controlado | ENSEÑANZA |
| 653 0# - TERMINO DE INDIZACION - NO CONTROLADO | |
| Término no controlado | HIPERMEDIA |
| 653 0# - TERMINO DE INDIZACION - NO CONTROLADO | |
| Término no controlado | HIPERTEXTO |
| 653 0# - TERMINO DE INDIZACION - NO CONTROLADO | |
| Término no controlado | MAESTROS |
| 904 ## - ELEMENTOS DE DATOS D LOCAL, LDD (RLIN) | |
| a | AC |
| b | 029112 |
| 905 ## - TIPO DE MATERIAL | |
| Tipo de material | Articulo |
No items available.
